Sports Quiz

Random Sports Quiz

100+ Rushing Yards as a Rookie in Week 1 Quiz Stats

 Plays Quiz not verified by Sporcle

Challenge
Share
Tweet
Embed
Score 0/21 Timer 10:00
0 Plays Today
Year Player % Correct
1969Ron A. Johnson
73.6%
2007Adrian Peterson
70.5%
2005Cadillac Williams
53.5%
2001LaDainian Tomlinson
52.7%
1994Marshall Faulk
47.3%
1978Earl Campbell
47.3%
1999Edgerrin James
46.5%
1982Marcus Allen
44.2%
1995Curtis Martin
38%
2008Matt Forte
32.6%
1998Ahman Green
26.4%
Year Player % Correct
1979Ottis Anderson
25.6%
1980Billy Sims
16.3%
1992Ricky Watters
15.5%
1987Christian Okoye
12.4%
1996Karim Abdul-Jabbar
4.7%
1979William Andrews
3.9%
1973Terry Metcalf
1.6%
1979Jerry Eckwood
0.8%
1981Randy McMilan
0%
1974Ronnie Coleman
0%

You're not logged in!

Compare scores with friends on all Sporcle quizzes.
Join for Free
OR
Log In

You Might Also Like...

Show Comments

Extras

Top Quizzes Today


Score Distribution

Your Account Isn't Verified!

In order to create a playlist on Sporcle, you need to verify the email address you used during registration. Go to your Sporcle Settings to finish the process.

Report this User

Report this user for behavior that violates our Community Guidelines.

Details: